Statistiques concernant Clips du top 50 de l'année 2011

Cliquez ici pour prendre le quiz!

Statistiques générales

  • Ce quiz a été pris 145 fois
  • Le résultat moyen est 5 sur 8

Statistiques - réponses

Réponse% Correct
Keen'V - J'aimerais trop
92%
M. Pokora - À nos actes manqués
92%
Ben l'Oncle Soul - Soulman
71%
Colonel Reyel - Celui...
67%
Mickaël Miro - L'horloge tourne
54%
Collectif Métissé - Laisse tomber tes problèmes
32%
Inna Modja - French cancan (Monsieur sainte nitouche)
31%
Simple Plan & Marie-Mai - Jet lag
25%

Distribution des résultats

Percentile par nombre de réponses

% des personnes avec chaque résultat

Votre développement - résultats

Vous n’avez pas pris ce quiz